00684 2200265 4500001002100000005001700021008004100038020001800079035002400097082001100121090002000132100002700152245004900179250001100228260003100239300002400270500002600294650001900320850001500339980001300354985000600367999001500373999001500388999001500403YOGYA-0209000003394320090227024835.0 ind  a979-497-302-5 0010-020900000033943 a636.39 a636.9bJar UlT aJARIYAH, Abbas Siregar aUsaha ternak kambingcAbbas Siregar Djarijah aCet. 1 aYogyakartabKanisiusc1996 a44 hlmbilusc19 cm aBibliografi : hlm. 44 aTernak kambing aYOPDYOG(B) a02-10-06 a3 a96P0087088 a96P0087089 a98P0105429